Lutfi al-Tanbuli, 13-2-1919/11-5-1982 / Zaynab 'Abd al-'Azīz.

محفوظ في:

المؤلف الرئيسي: 'Abd al-'Azīz, Zaynab.

التنسيق: كتاب

اللغة: Arabic

منشور في: Gizah, Egypt : Brizm, 2004.

الطبعة: 2nd ed.

سلاسل: Silsilat kutub Brizm li al-Fann.

الموضوعات:

الوسوم: إضافة وسم

لا توجد وسوم, كن أول من يضع وسما على هذه التسجيلة!

رقم الطلب: N7381.7 .A23

LEADER 00626nam a22002057a 4500
005 20251221124239.0
008 251221t2003 ua a 000 0 ara d
040 |c ARCE Library 
050 1 4 |a N7381.7  |b .A23 
100 |a 'Abd al-'Azīz, Zaynab. 
245 |a Lutfi al-Tanbuli, 13-2-1919/11-5-1982 /   |b Zaynab 'Abd al-'Azīz. 
246 3 0 |a Al-amlaq al-bahr. 
250 |a 2nd ed. 
260 |a Gizah, Egypt :   |b Brizm,   |c 2004. 
300 |a 36, 19 pages :   |b ill. col. ;   |c 30 cm. 
490 0 |a Silsilat kutub Brizm li al-Fann. 
546 |a Text in Arabic and French. 
600 0 0 |a Tanbuli, Lutfi. 
942 |2 lcc  |c BK 
999 |c 49228  |d 49228